| 000 | 00351 a2200157 4500 | ||
|---|---|---|---|
| 001 | 189171 | ||
| 020 | _a960-7955-33-1 | ||
| 040 | _cMagnum | ||
| 100 | _aMoutsou, e | ||
| 240 | 1 | 0 |
_aThe table the ass and the stick _lING |
| 245 | 1 | 0 | _aThe table the ass and the stick |
| 300 | _a31 | ||
| 362 | 0 | _a1997 | |
| 697 | _aLITERATURA INGLESA | ||
| 942 | _cBK | ||
| 999 |
_c189171 _d189171 |
||